| 000 | 00000nam 2200000zi 4500 |
| 001 | 9.891988 |
| 003 | CaOODSP |
| 005 | 20230531131448 |
| 006 | m o d f |
| 007 | cr |n||||||||| |
| 008 | 201001s1996 oncb o f000 0|eng d |
| 040 | |aCaOODSP|beng|erda|cCaOODSP |
| 041 | 0 |aeng|afre |
| 043 | |an-cn--- |
| 086 | 1 |aIu64-192/1996-PDF |
| 245 | 00|aLocal multipoint communication systems (LMCS) in the 28 GHz range : |bpolicy, authorization procedures and evaluation criteria. |
| 246 | 35|aSystèmes de télécommunications multipoints locaux (STML) dans la gamme 28 GHz : |bpolitique, procédures d'autorisation et critères d'évaluation. |
| 264 | 1|a[Ottawa] : |b[Industry Canada], |c[1996] |
| 300 | |a1 online resource (38, 14 unnumbered pages, 37 pages) : |bmaps |
| 336 | |atext|btxt|2rdacontent |
| 337 | |acomputer|bc|2rdamedia |
| 338 | |aonline resource|bcr|2rdacarrier |
| 500 | |aDigitized edition from print [produced by Innovation, Science and Economic Development Canada]. |
| 546 | |aText in English and French, French text follows English. |
| 650 | 0|aBroadcasting. |
| 650 | 0|aRadio wave propagation. |
| 650 | 0|aTelecommunication policy. |
| 710 | 1 |aCanada. |bIndustry Canada, |eissuing body. |
| 792 | |tLocal multipoint communication systems (LMCS) in the 28 GHz range : |efre|w(CaOODSP)9.922178 |
| 856 | 40|qPDF|s2.72 MB|uhttps://publications.gc.ca/collections/collection_2023/isde-ised/iu64/Iu64-192-1996.pdf |